000 00678nam a2200229 a 4500
999 _c12092
_d12092
001 12092
003 BD-JhCC
005 20210314124010.0
008 210314b19932017bg |||| ||a| 000 0 ben d
020 _a9847011400490
035 _a(BD-JhCC)12092
040 _aBD-JhCC
_dBD-JhCC
041 _aBengali
082 _a954.92
_bOSM 2017
100 _aওসমান,শওকত
245 _aউত্তরপর্ব মুজিবনগর /
_cশওকত ওসমান ।
260 _aঢাকা:
_bসময় প্রকাশন;
_c২০১৭.
300 _a864 p. :
_c22 cm.
650 _aNext Face of Mujibnagar
942 _2ddc
_cBK